[Event "Pan American-ch U2000"]
[Site "Balneario Camboriu"]
[Date "2024.09.25"]
[Round "3"]
[White "Moro, Antonio Renato Pere"]
[Black "Santos, Valentim Do Carmo R"]
[Result "0-1"]
[WhiteElo "1817"]
[BlackElo "1938"]
[PlyCount "69"]
[EventDate "2024.09.24"]
[EventType "swiss"]
[EventRounds "9"]
[EventCountry "BRA"]
[SourceTitle "EXT 2025"]
[Source "ChessBase"]
[SourceDate "2024.10.14"]
[SourceVersion "1"]
[SourceVersionDate "2024.10.14"]
[SourceQuality "1"]

1. e4 c5 2. Nf3 Nc6 3. c4 g6 4. Nc3 Bg7 5. d3 Nf6 6. a3 0-0 7. Rb1 e6 8. Bg5 h6 9. Bf4 d5 10. Be2 Nh5 11. Bd2 d4 12. Na2 e5 13. b4 Qd6 14. Qc1 Kh7 15. h3 b6 16. g4 Nf4 17. Qd1 f5 18. Bxf4 exf4 19. gxf5 gxf5 20. bxc5 bxc5 21. e5 Nxe5 22. Rf1 Rb8 23. Rxb8 Qxb8 24. Nc1 Bd7 25. Rg1 Qa8 26. Nxe5 Bxe5 27. Nb3 f3 28. Nxc5 Bc6 29. Ne6 Re8 30. Ng5+ hxg5 31. Rxg5 fxe2 32. Qxe2 Bf3 33. Qd2 f4 34. Rxe5 Rxe5+ 35. Kf1 0-1

[Event "Florianopolis op 10th"]
[Site "Florianopolis"]
[Date "2024.01.27"]
[Round "9"]
[White "Gurski, Guilherme Rybu"]
[Black "Moro, Antonio Renato Pere"]
[Result "0-1"]
[WhiteElo "1354"]
[BlackElo "1667"]
[PlyCount "86"]
[EventDate "2024.01.20"]
[EventType "swiss"]
[EventRounds "10"]
[EventCountry "BRA"]
[SourceTitle "EXT 2025"]
[Source "ChessBase"]
[SourceDate "2024.10.14"]
[SourceVersion "1"]
[SourceVersionDate "2024.10.14"]
[SourceQuality "1"]

1. c4 d5 2. cxd5 Nf6 3. Nf3 Nxd5 4. g3 g6 5. Bg2 Bg7 6. 0-0 e6 7. Nc3 0-0 8. Nxd5 exd5 9. d3 Na6 10. Rb1 c5 11. Bd2 Bd7 12. b4 cxb4 13. Bxb4 Nxb4 14. Rxb4 Rb8 15. Qb3 Bc6 16. Nd4 Qd6 17. Rb1 Bxd4 18. Rxd4 Qe5 19. e3 Rbd8 20. Rc1 Rd7 21. Rc5 Rfd8 22. Rb4 Qa1+ 23. Qb1 Qf6 24. d4 Re7 25. Qb3 Red7 26. Bf1 Rd6 27. Bb5 a5 28. Ra4 b6 29. Rc1 Bb7 30. Rc7 Bc8 31. Qc3 Bh3 32. Bf1 Bxf1 33. Kxf1 Qf3 34. Qc2 Qh1+ 35. Ke2 Qxh2 36. Rc8 Rxc8 37. Qxc8+ Kg7 38. Qc7 Rf6 39. Qe5 Qxf2+ 40. Kd3 Qf1+ 41. Kd2 Kh6 42. Qxd5 Qf2+ 43. Kc3 Qe1+ 0-1

[Event "Florianopolis op 10th"]
[Site "Florianopolis"]
[Date "2024.01.21"]
[Round "2"]
[White "Fier, Alexandr"]
[Black "Moro, Antonio Renato Pere"]
[Result "1-0"]
[WhiteElo "2549"]
[BlackElo "1667"]
[PlyCount "99"]
[EventDate "2024.01.20"]
[EventType "swiss"]
[EventRounds "10"]
[EventCountry "BRA"]
[SourceTitle "CBM 218 Extra"]
[Source "ChessBase"]
[SourceDate "2024.03.31"]
[SourceVersion "1"]
[SourceVersionDate "2024.03.31"]
[SourceQuality "1"]

1. e4 e5 2. f4 d5 3. exd5 e4 4. d3 Qxd5 5. Nc3 Bb4 6. Bd2 Bxc3 7. Bxc3 Nf6 8. dxe4 Qxe4+ 9. Qe2 Bg4 10. Qxe4+ Nxe4 11. Bxg7 Rg8 12. Be5 Nd7 13. Bd3 Ndc5 14. Bc4 0-0-0 15. Nf3 Be6 16. Bxe6+ Nxe6 17. 0-0 f6 18. Rae1 fxe5 19. Rxe4 Nxf4 20. g3 Ng6 21. Rfe1 Rde8 22. Nxe5 Nxe5 23. Rxe5 Rxe5 24. Rxe5 Kd7 25. Kg2 Rg6 26. Re2 a5 27. h4 b6 28. Kh3 h5 29. Re5 Rh6 30. a4 Kd6 31. Rg5 Rh7 32. b3 Ke6 33. Kg2 Kd6 34. Kf3 Rh6 35. Kf4 Ke6 36. Rg7 Rf6+ 37. Ke4 Kd6 38. Rh7 Re6+ 39. Kf5 Re5+ 40. Kg6 Re3 41. Rxh5 Rxg3+ 42. Rg5 Re3 43. h5 Re6+ 44. Kg7 Re7+ 45. Kf8 Re2 46. h6 Kd7 47. h7 Re8+ 48. Kg7 Re7+ 49. Kh6 Re2 50. h8Q 1-0

[Event "Florianopolis op 9th"]
[Site "Florianopolis"]
[Date "2023.01.24"]
[Round "2"]
[White "Mariano, Marceley Martins"]
[Black "Moro, Antonio Renato Pere"]
[Result "1/2-1/2"]
[WhiteElo "2089"]
[BlackElo "1770"]
[PlyCount "93"]
[EventDate "2023.01.23"]
[EventType "swiss"]
[EventRounds "10"]
[EventCountry "BRA"]
[SourceTitle "CBM 212 Extra"]
[Source "ChessBase"]
[SourceDate "2023.03.31"]
[SourceVersion "1"]
[SourceVersionDate "2023.03.31"]
[SourceQuality "1"]

1. e4 Nc6 2. d4 d5 3. e5 Bf5 4. Nf3 e6 5. Bd3 Nge7 6. Bxf5 Nxf5 7. c3 Be7 8. 0-0 Qd7 9. b4 g6 10. a4 0-0 11. g4 Ng7 12. Bh6 f5 13. exf6 Bxf6 14. Nbd2 a6 15. Re1 Rae8 16. g5 Be7 17. Nf1 Bd6 18. Ne3 Rf4 19. Ng2 Rf7 20. Bxg7 Kxg7 21. Ra2 Ref8 22. Re3 Nd8 23. Ne5 Bxe5 24. Rxe5 Rf5 25. Qe1 Re8 26. f4 Nf7 27. Re3 Nd6 28. Qh4 Kg8 29. Rf3 Rf7 30. a5 Nf5 31. Qf2 Qc6 32. Re2 b6 33. axb6 cxb6 34. Qe1 a5 35. bxa5 bxa5 36. Qa1 a4 37. Ne1 Qc4 38. Ra2 Ra7 39. Nd3 Rb8 40. Ne5 Qb5 41. Rff2 Qb1+ 42. Rf1 Qxa1 43. Rfxa1 Rb3 44. Ra3 Rc7 45. Rxa4 Rbxc3 46. Ra8+ Kg7 47. R8a4 1/2-1/2

[Event "Florianopolis op 8th"]
[Site "Florianopolis"]
[Date "2022.01.27"]
[Round "6"]
[White "De Oliveira, Gualter Amelio"]
[Black "Moro, Antonio Renato Pere"]
[Result "1-0"]
[WhiteElo "1533"]
[BlackElo "1853"]
[PlyCount "69"]
[EventDate "2022.01.24"]
[EventType "swiss"]
[EventRounds "10"]
[EventCountry "BRA"]
[SourceTitle "CBM 206 Extra"]
[Source "ChessBase"]
[SourceDate "2022.03.31"]
[SourceVersion "1"]
[SourceVersionDate "2022.03.31"]
[SourceQuality "1"]

1. e4 Nc6 2. Nc3 d6 3. d3 e5 4. g3 Nf6 5. Nge2 Bg4 6. Bg2 Nd4 7. 0-0 Nf3+ 8. Bxf3 Bxf3 9. Qd2 Ng4 10. Qg5 Qd7 11. Qf5 Qxf5 12. exf5 g6 13. h3 h5 14. Re1 gxf5 15. Bg5 Be7 16. Bxe7 Kxe7 17. Nf4 Kd7 18. Nfd5 Rh6 19. Ne3 f4 20. Nf5 fxg3 21. hxg4 gxf2+ 22. Kxf2 Rf6 23. Kxf3 hxg4+ 24. Ke4 c6 25. Rf1 Rg6 26. Ne2 Rh8 27. Neg3 Ke6 28. Rh1 Rh3 29. Rxh3 gxh3 30. Rh1 d5+ 31. Ke3 Rg5 32. Rxh3 c5 33. Rh6+ f6 34. Rh7 b5 35. Re7# 1-0

[Event "Florianopolis op 8th"]
[Site "Florianopolis"]
[Date "2022.01.27"]
[Round "5"]
[White "Moro, Antonio Renato Pere"]
[Black "Moretto, Heitor Frainer"]
[Result "0-1"]
[WhiteElo "1853"]
[BlackElo "1587"]
[PlyCount "100"]
[EventDate "2022.01.24"]
[EventType "swiss"]
[EventRounds "10"]
[EventCountry "BRA"]
[SourceTitle "CBM 206 Extra"]
[Source "ChessBase"]
[SourceDate "2022.03.31"]
[SourceVersion "1"]
[SourceVersionDate "2022.03.31"]
[SourceQuality "1"]

1. f4 d5 2. Nf3 g6 3. e3 Bg7 4. d4 Nh6 5. Bd3 Bf5 6. Bb5+ c6 7. Be2 0-0 8. 0-0 Nd7 9. c4 Bxb1 10. Rxb1 Nf5 11. b3 Nf6 12. Bd3 Nd6 13. Qe1 Nde4 14. Ng5 Qd7 15. Ba3 h6 16. Nf3 a5 17. Ne5 Qe6 18. Rc1 Rfc8 19. Qh4 a4 20. b4 dxc4 21. Nxc4 Nd5 22. Rfe1 b5 23. Ne5 Ndc3 24. Rc2 f5 25. Qh3 Bxe5 26. fxe5 Kg7 27. Bb2 Ng5 28. Qh4 Nxa2 29. d5 Qxd5 30. e6+ Kh7 31. Bd4 Nxb4 32. Rc5 Qxe6 33. Bb1 Nd5 34. e4 fxe4 35. Bxe4 Qf7 36. Rf1 Qg8 37. Ba1 b4 38. Bd3 b3 39. Bb2 a3 40. Bc1 Kg7 41. Bxg5 hxg5 42. Qxg5 Qe6 43. Kh1 a2 44. Rcc1 b2 45. Rce1 Qd6 46. Rf3 a1Q 47. Bb1 Rh8 48. h3 Qa5 49. Ref1 Rhf8 50. Qxg6+ Qxg6 0-1

[Event "Florianopolis op 6th"]
[Site "Florianopolis"]
[Date "2020.01.21"]
[Round "3"]
[White "Rosa, Gabriel Redon"]
[Black "Moro, Antonio Renato Pere"]
[Result "0-1"]
[WhiteElo "1576"]
[BlackElo "1880"]
[PlyCount "62"]
[EventDate "2020.01.20"]
[EventType "swiss"]
[EventRounds "10"]
[EventCountry "BRA"]
[SourceTitle "CBM 194 Extra"]
[Source "ChessBase"]
[SourceDate "2020.03.31"]
[SourceVersion "1"]
[SourceVersionDate "2020.03.31"]
[SourceQuality "1"]

1. e4 Nc6 2. d4 d5 3. e5 Bf5 4. h4 h6 5. g4 Be4 6. f3 Bg6 7. h5 Bh7 8. Bd3 Bxd3 9. Qxd3 e6 10. c3 Be7 11. f4 Bh4+ 12. Ke2 Be7 13. Nf3 Qd7 14. Be3 0-0-0 15. Nbd2 Bf8 16. b4 f6 17. Nb3 Nb8 18. a4 Qe8 19. b5 Nd7 20. a5 Kb8 21. Rhc1 Ne7 22. c4 dxc4 23. Qxc4 Nd5 24. a6 N5b6 25. Qd3 Nc5 26. Qd2 Qxb5+ 27. Kd1 Nxa6 28. Rab1 Qf1+ 29. Ne1 fxe5 30. Qc2 exf4 31. Bd2 Ba3 0-1

[Event "American Continental 15th"]
[Site "Sao Paulo"]
[Date "2019.07.12"]
[Round "10"]
[White "Pereira Vera, Henry Alberto"]
[Black "Moro, Antonio Renato Pere"]
[Result "1-0"]
[WhiteElo "1790"]
[BlackElo "1927"]
[PlyCount "55"]
[EventDate "2019.07.05"]
[EventType "swiss"]
[EventRounds "11"]
[EventCountry "BRA"]
[SourceTitle "CBM 191 Extra"]
[Source "ChessBase"]
[SourceDate "2019.09.30"]
[SourceVersion "1"]
[SourceVersionDate "2019.09.30"]
[SourceQuality "1"]

1. b3 e5 2. Bb2 Nc6 3. e3 g6 4. f4 Bg7 5. Nf3 d6 6. Bb5 f6 7. 0-0 Nge7 8. fxe5 dxe5 9. Bc4 Na5 10. Be2 Be6 11. Na3 0-0 12. Qe1 c5 13. Rd1 Nf5 14. e4 Nd6 15. d3 Nc6 16. c3 Qe7 17. Bc1 Rad8 18. Nc2 Nb5 19. d4 Nxc3 20. Qxc3 exd4 21. Qe1 a6 22. Ba3 f5 23. exf5 Rxf5 24. Bd3 Rf6 25. Ng5 Rxf1+ 26. Bxf1 Be5 27. Nxe6 Qxe6 28. Bc4 1-0

[Event "Florianopolis Regional STD op"]
[Site "Florianopolis"]
[Date "2018.10.14"]
[Round "5"]
[White "Lucena, Lincoln"]
[Black "Moro, Antonio Renato Pere"]
[Result "1-0"]
[WhiteElo "2075"]
[BlackElo "1919"]
[PlyCount "104"]
[EventDate "2018.10.12"]
[EventType "swiss"]
[EventRounds "6"]
[EventCountry "BRA"]
[SourceTitle "CBM 186 Extra"]
[Source "ChessBase"]
[SourceDate "2018.08.24"]
[SourceVersion "1"]
[SourceVersionDate "2018.08.24"]
[SourceQuality "1"]

1. Nf3 g6 2. g3 Bg7 3. Bg2 Nf6 4. 0-0 0-0 5. d3 d6 6. c4 c5 7. Nc3 Nc6 8. a3 Bg4 9. h3 Bd7 10. Rb1 Qc8 11. Kh2 a5 12. Ne1 Nd4 13. e3 Nc6 14. Nc2 Ne5 15. b4 axb4 16. axb4 Bc6 17. e4 b6 18. bxc5 bxc5 19. Ne3 e6 20. f4 Ned7 21. Nb5 Ne8 22. Bb2 f6 23. Ra1 Rxa1 24. Qxa1 Bxb5 25. cxb5 Nc7 26. Qa5 Qb8 27. Bc3 Na8 28. Nc4 Nab6 29. Ra1 d5 30. Nxb6 Nxb6 31. Qa7 dxe4 32. Qxb8 Rxb8 33. dxe4 Nc4 34. Rb1 e5 35. fxe5 fxe5 36. Bf1 Nd6 37. b6 Nxe4 38. Bc4+ Kh8 39. Ba5 Nd6 40. Bd5 Nb7 41. Bd2 Bf6 42. Be3 Kg7 43. Ra1 Bd8 44. Bxb7 Bxb6 45. Be4 Rc8 46. Rb1 Ba5 47. Rb7+ Kf6 48. Bd5 e4 49. Bf4 Rf8 50. h4 Bc3 51. Bd6 e3 52. Bxf8 Ke5 1-0

[Event "Caioba Telecom op"]
[Site "Caioba"]
[Date "2018.08.03"]
[Round "6"]
[White "Moro, Antonio Renato Pere"]
[Black "Trevisan, Rodrigo"]
[Result "0-1"]
[WhiteElo "1902"]
[BlackElo "2124"]
[PlyCount "88"]
[EventDate "2018.08.01"]
[EventType "swiss"]
[EventRounds "9"]
[EventCountry "BRA"]
[SourceTitle "CBM 186 Extra"]
[Source "ChessBase"]
[SourceDate "2018.08.24"]
[SourceVersion "1"]
[SourceVersionDate "2018.08.24"]
[SourceQuality "1"]

1. f4 Nf6 2. Nf3 e6 3. e3 b6 4. b3 Bb7 5. Bb2 Be7 6. Be2 c5 7. 0-0 Nc6 8. Ne5 d6 9. Nf3 a6 10. d3 Nd5 11. Qd2 Bf6 12. c3 e5 13. c4 Nde7 14. e4 Ng6 15. f5 Nf4 16. Nc3 Nd4 17. Nxd4 cxd4 18. Nd5 Bxd5 19. cxd5 Rc8 20. Rfc1 Bg5 21. Rxc8 Qxc8 22. Qd1 Nxe2+ 23. Qxe2 Be3+ 24. Kh1 0-0 25. Qd1 Qc5 26. Bc1 Rc8 27. Bd2 Bxd2 28. Qxd2 Qc2 29. Qxc2 Rxc2 30. Kg1 Kf8 31. Kf1 Ke7 32. a3 Rc3 33. Ke2 Rxb3 34. Ra2 b5 35. a4 b4 36. a5 Rb1 37. Rc2 b3 38. Rc7+ Kd8 39. Rc6 b2 40. Rxd6+ Ke7 41. Rb6 Rg1 42. f6+ gxf6 43. Rb7+ Kf8 44. Rb8+ Kg7 0-1

[Event "Santa Catarina-chT"]
[Site "Piratuba"]
[Date "2018.04.14"]
[Round "2.3"]
[White "Doge, Gustavo Postein"]
[Black "Moro, Antonio Renato Pere"]
[Result "1-0"]
[WhiteElo "1760"]
[BlackElo "1908"]
[PlyCount "99"]
[EventDate "2018.04.13"]
[EventType "team-swiss"]
[EventRounds "5"]
[EventCountry "BRA"]
[SourceTitle "CBM 184 Extra"]
[Source "ChessBase"]
[SourceDate "2018.06.28"]
[SourceVersion "1"]
[SourceVersionDate "2018.06.28"]
[SourceQuality "1"]
[WhiteTeam "Jaragua do Sul"]
[BlackTeam "UFSC"]
[WhiteTeamCountry "BRA"]
[BlackTeamCountry "BRA"]

1. e4 Nc6 2. d4 d5 3. Bb5 a6 4. Bxc6+ bxc6 5. Nc3 a5 6. Nge2 e6 7. 0-0 Nf6 8. Ng3 Be7 9. e5 Nd7 10. f4 f5 11. Nh5 0-0 12. g4 g6 13. gxf5 exf5 14. Ng3 Re8 15. Rf2 Nf8 16. Rg2 Kh8 17. Be3 Ne6 18. Na4 Rg8 19. Kh1 Qf8 20. Qd2 Bb7 21. Rc1 c5 22. c3 Bc6 23. Qc2 c4 24. Rcg1 Qe8 25. b3 Rf8 26. Nb2 Qd7 27. h3 Bb7 28. Kh2 cxb3 29. axb3 c5 30. Na4 Qc7 31. Rd2 Rac8 32. Ne2 c4 33. bxc4 Rb8 34. cxd5 Bxd5 35. Rb1 Be4 36. Rxb8 Rxb8 37. Qa2 Bc6 38. d5 Bb7 39. dxe6 Qc6 40. Ng3 Bh4 41. Rf2 Bxg3+ 42. Kxg3 Qe4 43. Ba7 Qd3+ 44. Kh2 Bd5 45. Qd2 Qe4 46. Bxb8 Qh1+ 47. Kg3 g5 48. fxg5 Bxe6 49. Qd8+ Bg8 50. Qf6# 1-0

[Event "Florianopolis zt 2.4"]
[Site "Florianopolis"]
[Date "2017.05.01"]
[Round "9"]
[White "Moro, Antonio Renato Pere"]
[Black "De Vilhena, Cleriston Mubarak T"]
[Result "1-0"]
[WhiteElo "1948"]
[BlackElo "1601"]
[PlyCount "37"]
[EventDate "2017.04.26"]
[EventType "swiss"]
[EventRounds "9"]
[EventCountry "BRA"]
[SourceTitle "CBM 178 Extra"]
[Source "ChessBase"]
[SourceDate "2017.06.22"]
[SourceVersion "1"]
[SourceVersionDate "2017.06.22"]
[SourceQuality "1"]

1. e4 c5 2. Nc3 e6 3. Bc4 Nc6 4. a3 a6 5. d3 b5 6. Ba2 Nf6 7. Bg5 Be7 8. f4 h6 9. Bh4 d6 10. Nf3 Qc7 11. 0-0 0-0 12. Ne2 Ng4 13. Qd2 Bxh4 14. Nxh4 Nf6 15. f5 exf5 16. Nxf5 Bxf5 17. Rxf5 Ne5 18. Raf1 Kh8 19. Rxf6 1-0